000
00230 a2200097 4500
001
31586
100
_a
Bedford, Anthony
245
_a
Engineering Mechanics-Dynamics
260
_a
N.Y
_b
Addison Wesley
_c
1995
090
_c
21438
_d
21438
942
_a
NUST-CAE
_c
M
_c
12712
999
_c
266659
_d
266659